Over/Under: Survivor Quiz Stats

 Plays Quiz not verified by Sporcle

Challenge
Share
Tweet
Embed
Score 0/24 Timer 04:00
0 Plays Today
Clue & Number Over or Under? % Correct
Survivor: Australia castaways who have returned: 6???
93.6%
Number of seasons won by a woman: 15???
91.9%
Seasons that have featured returnees: 12???
90.7%
Castaways who appeared in back-to-back seasons: 7???
90.1%
Finalists with 0 jury votes: 14???
87.5%
Members on the Outcasts tribe: 8???
86.7%
Survivor: Palau's season number: 12???
85.8%
Length (hours) of longest challenge ever: 9???
84.3%
Number of deceased castaways: 6???
82.5%
Immunity challenges won by the Ulong tribe: 2???
81.9%
Tribal councils attended by Denise Stapley: 13???
79.9%
Contestants named Kelly: 5???
79.6%
Clue & Number Over or Under? % Correct
Castaways on Survivor: Fiji: 18???
78.1%
Castaways voted against in Borneo's merge episode: 5???
72.6%
Times there has been a fire-making tiebreaker: 7???
72.1%
Castaways to make multiple final tribal councils: 4???
70.6%
Contestants voted out with hidden idol in possession: 5???
68.9%
Rudy Boesch's age in Survivor: All-Stars: 73???
66.3%
Viewers of Survivor: Borneo's finale: 40 million???
66.2%
Total days Rob Mariano played: 123???
64.4%
Times Samoa has been used as location: 5???
62.7%
Total days Francesca Hogi played: 6???
62.6%
Total votes ever received by Ozzy Lusth: 30???
54.4%
Castaways that have also been cast on The Amazing Race: 7???
42.5%

You're not logged in!

Compare scores with friends on all Sporcle quizzes.
Join for Free
OR
Log In

You Might Also Like...

Show Comments

Extras

Created Jul 29, 2014ReportNominate
Tags:actual, provided, survivor, under, ver, whether

Top Quizzes Today


Score Distribution

Your Account Isn't Verified!

In order to create a playlist on Sporcle, you need to verify the email address you used during registration. Go to your Sporcle Settings to finish the process.

Report this User

Report this user for behavior that violates our Community Guidelines.

Details: